00337nam a2200109 i 4500001000300000245004800003260002100051040000800072041000800080008004100088856009800129bg 0aMigracje węgla i azotu w niskich temp.... aKatowice,c1979. cBPK apol s pl f |000 0 pol  uhttp://koha.tu.koszalin.pl/cgi-bin/koha/opac-detail.pl?biblionumber=18402yKatalog online BPK